000 01956cam a22005174i 4500
003 PE-LiUPU
005 20250731165534.0
008 150625s r 000 0 d
035 _a(Sirsi) a31415
035 _a(Sirsi) a31415
040 _aPE-LiUPU
_bspa
_cPE-LiUPU
_erda
082 0 4 _a920.3
_bC26
_221
100 1 _aCardenas, Eduardo,
_eautor.
245 1 0 _a20, 000 Biografias breves /
_cEduardo Cárdenas.
264 1 _aMéxico :
_bNuevo Mundo,
_c1963.
300 _a895 páginas :
_b
_ ;
_c21 cm.
336 _atext
_2rdacontent
337 _aunmediated
_2rdamedia
338 _avolume
_2rdacarrier
505 0 _aDesde la A - Z.
526 _aSEG44
526 _aSEG26
526 _aP151
526 _aP150
526 _aP149
526 _aP146
526 _aP145
526 _aP126
526 _aP125
526 _aP92
526 _aP75
526 _aP74
526 _aP27
526 _aP15
650 0 4 _aBiografías.
910 _a
942 _2ddc
_cBOOK
949 _aRC 920.3 C26
_wDEWEY
_c1
_i39120
_lRC
_mBUL
_r0
_sY
_tBOOK
_u2015-6-25
_xBIBLIOTECA
_PP35
_0COMPRA
_o.CIRCNOTE. No olvidar cambiar la fecha de devolución!!!!!!!
_o.STAFF. Colección General
949 _a920.3 C26
_wDEWEY
_c2
_i05449
_lRC
_mBUL
_r0
_sY
_tBOOK
_u2015-6-25
_xTEOLOGIA
_zUNKNOWN
_0COMPRA
_o.CIRCNOTE. No olvidar cambiar la fecha de devolución!!!!!!!
_o.STAFF. Colección General
994 _aC0
_bPEPRU
596 _a1
999 _aRC 920.3 C26
_wDEWEY
_c38967
_i39120
_f2019-12-11
_g4
_lDISCARD
_mBUL
_r1
_sY
_tBOOK
_u2015-6-25
_xEDUCACION
_PP35
_0COMPRA
_o.CIRCNOTE. No olvidar cambiar la fecha de devolución!!!!!!!
_o.STAFF. Colección General
_d38967
999 _a920.3 C26
_wDEWEY
_c2
_i05449
_f2021-11-8
_g5
_lRCG
_mBUL
_r1
_sY
_tBOOK
_u2015-6-25
_xBIBLIOTECA
_zUNKNOWN
_0COMPRA
_o.CIRCNOTE. No olvidar cambiar la fecha de devolución!!!!!!!
_o.STAFF. Colección General
980 _81
_gALBERTO SANCHEZ Responsable de Automatización